000
00206nam a2200097Ia 4500
008
240331s9999 xx 000 0 und d
082
_b
BEG
100
_a
Begam,S.J
245
0
_a
Kadhala? Kadamaiya?
942
_c
L
999
_c
3740
_d
3740